| 000 | 004750000a22001570004500 | ||
|---|---|---|---|
| 060 | _a100 | ||
| 082 | _a581.072 GLIL.07 | ||
| 100 | _aNair, P K K | ||
| 245 | _aGlimpses in plant growth.V VIII. Aspects of energy and environment studies | ||
| 260 | _aNew Delhi, Today & Tomorrow s printers & Publishers | ||
| 260 | _c1986 | ||
| 300 | _a202 | ||
| 490 | _aAspects of energy and environment studies.V.7 | ||
| 650 | _aResearch/ Plant Resins/ Micropropagation | ||
| 942 | _cBK | ||
| 999 |
_c353504 _d353504 |
||